Ensayos y reflexiones desde la investigación e intervenciones en Psicología Social Comunitaria : (Record no. 22761)

000 -CABECERA
fixed length control field 01130nam a22002657i 4500
003 - IDENTIFICADOR DEL NÚMERO DE CONTROL
control field AR-CdUCM
008 - DATOS DE LONGITUD FIJA--INFORMACIÓN GENERAL
fixed length control field 240117b20202020pe ||||| |||| 00| 0 spa d
020 ## - NÚMERO INTERNACIONAL ESTÁNDAR DEL LIBRO
ISBN 978-612-4392-33-7
040 ## - FUENTE DE LA CATALOGACIÓN
Agencia/entidad que catalogó originalmente la obra MUNICIPALIDAD PROVINCIAL DEL CUSCO
Entidad que transcribió la catalogación BIBLIOTECA MUNICIPAL DEL CUSCO
082 ## - NÚMERO DE LA CLASIFICACIÓN DECIMAL DEWEY
No. de Clasificación 301.2 / A69
Notacion interna A69
100 ## - ENTRADA PRINCIPAL--NOMBRE DE PERSONA
Nombre Personal Arenas Sotelo, Eric
245 ## - MENCIÓN DE TÍTULO
Título Ensayos y reflexiones desde la investigación e intervenciones en Psicología Social Comunitaria :
Resto del título (Sociedad y cultura) /
260 ## - PUBLICACIÓN, DISTRIBUCIÓN, ETC.
Lugar de publicación, distribución, etc. Cusco :
Nombre de la editorial, distribuidor, etc. Universidad Andina del Cusco,
Fecha de publicación, distribución, etc. 2020
300 ## - DESCRIPCIÓN FÍSICA
Nº de Páginas Extensión 112 páginas. :
Dimensiones 25 cm.
500 ## - NOTA GENERAL
Bibliografía Bibliografía, páginas 94-97
505 ## - NOTA DE CONTENIDO CON FORMATO
Nota de contenido formateada Investigación cualitativa en psicología -- Salud mental comunitaria de una población afectada por el conflicto armado -- Desde La problematización hasta la empatía -- Participación de las mujeres en una comunidad posconflicto.
650 ## - PUNTO DE ACCESO ADICIONAL DE MATERIA--TÉRMINO DE MATERIA
Descriptor Psicología social
9 (RLIN) 4539
650 ## - PUNTO DE ACCESO ADICIONAL DE MATERIA--TÉRMINO DE MATERIA
Descriptor Salud mental
9 (RLIN) 9455
650 ## - PUNTO DE ACCESO ADICIONAL DE MATERIA--TÉRMINO DE MATERIA
Descriptor Salud mental comunitaria
9 (RLIN) 49319
650 ## - PUNTO DE ACCESO ADICIONAL DE MATERIA--TÉRMINO DE MATERIA
Descriptor Empatía
9 (RLIN) 49320
856 ## - LOCALIZACIÓN Y ACCESO ELECTRÓNICOS
Dirección electrónica www.uandina.edu.pe
942 ## - ELEMENTOS DE PUNTO DE ACCESO ADICIONAL (KOHA)
Fuente de clasificación
Tipo de item Libros-BMC
945 ## - PROCESAMIENTO DE INFORMACIÓN LOCAL (OCLC)
Catalogador pbj
AAAA-MM-DD - Fecha de ingreso o modificacion 17-01-2024
Holdings
Estado de retiro (separado) Fuente de clasificación o esquema de estanterías Estado dañado Ubicación Sala donde se ubica Nombre de la colección Fecha de adquisición o compra Fuente de adquisición Costo, precio normal en soles Signatura topográfica Código de Barras Última vez visto (Koha) Tipo de ítem (Koha)
No     Sala Humanidades Sala Humanidades Book Cart 2024-01-17 Depósito Legal 20.00 301.2 / A69 SH0000016581 2024-01-17 Libros-BMC

Powered by Koha